Normal view
MARC view
- FFOLLIOTT,GREGERSEN
Entry Personal Name
001 - CONTROL NUMBER
- control field: 90691
003 - CONTROL NUMBER IDENTIFIER
- control field: NUST
005 - DATE AND TIME OF LATEST TRANSACTION
- control field: 20220321133017.0
008 - FIXED-LENGTH DATA ELEMENTS
- fixed length control field: 220321|| aca||aabn | a|a d
040 ## - CATALOGING SOURCE
- Original cataloging agency: NUST
- Transcribing agency: NUST
100 ## - HEADING--PERSONAL NAME
- Personal name: FFOLLIOTT,GREGERSEN
670 ## - SOURCE DATA FOUND
- Source citation: Work cat.: (NUST): FFOLLIOTT,GREGERSEN., INTEGRATED WATERSHED MANAGEMENT /, 2007.
